00292nam a2200121Ia 4500008004100000041000800041082001500049100001700064245002400081260002900105300001900134999001700153241028s9999 xx 000 0 und d aeng a155.24 BUR aBurnett Bill aDesigning Your Life bVintageaNew Dehlic2017 a240;. P. 24 Cm c43117d43117